000 00925nam a2200229Ii 4500
003 JO-AjNU
008 230605s9999||||xx |||||||||||||| ||und||
017 _a2022/2/677
020 _a978-9923-779-27-9
040 _aJO-AjNU
_bara
_erda
_cJO-AjNU
041 _aara
050 1 4 _aDP102.M3368 2022
100 3 _aتاليف المعاني، مصطفى كمال، م.مشارك راشد عبد الجليل العواودة ,
_eauthor
_962889
245 0 0 _aالحضارة العربية الأسلامية وأثرها الحضاري- الاندلس
250 _aط1
264 3 1 _aعمان: زاد ناشرون وموزعون، 2022
300 _a492ص
336 _atext
_btxt
_2rdacontent
337 _aunmediated
_bn
_2rdamedia
338 _avolume
_bnc
_2rdacarrier
650 4 _aالحضارة العربية الاسلامية -الاندلس-العلماء المسلمون- التاريخ الاسلامي
_962890
999 _aA28499
_c32067
_d32067